| 000 | 01205nam a2200349 c 4500 | ||
|---|---|---|---|
| 001 | 59856 | ||
| 003 | CO-BoRNBP | ||
| 005 | 20251107203711.0 | ||
| 007 | ta | ||
| 008 | 221027s2011 mx ad er 001 0 spa d | ||
| 020 | _a9786071709400 | ||
| 040 |
_aCO-BoRNBP _bspa _erda _cCO-BoRNBP |
||
| 041 | 1 |
_aspa _heng |
|
| 082 | 0 | 4 |
_a658.4 _bB78i _222 |
| 100 | 1 |
_aHandy, Bruce _eaut _966923 |
|
| 245 | 1 | 0 |
_aInnovación / _cAndy Bruce, David Birchall ; traducción José Carmen Pecina Hernández. |
| 250 | _aPrimera edición | ||
| 264 | 1 |
_aMéxico : _bEditorial Trillas, _c2011 |
|
| 300 |
_a238 páginas : _bilustraciones, tablas, gráficas en blanco y negro |
||
| 336 |
_atexto _btxt _2rdacontent |
||
| 337 |
_asin mediación _bn _2rdamedia |
||
| 338 |
_avolumen _bnc _2rdacarrier |
||
| 500 | _aIncluye glosario e índice analítico | ||
| 521 | _aRecomendado para un público adulto | ||
| 534 | _tFast track to success. Innovation | ||
| 650 | 0 | 7 |
_aAdministración de empresas _2LEMB _92735 |
| 650 | 0 | 7 |
_aAptitud creadora en los negocios _2LEMB _922680 |
| 650 | 0 | 7 |
_aInnovación _2lemb _966924 |
| 700 |
_aBirchall, David _eaut _966925 |
||
| 700 |
_aPecina Hernández, José Carmen _etrl _966926 |
||
| 942 |
_2ddc _cBK |
||
| 999 |
_c59856 _d59856 |
||